000
00282nam a22001217a 4500
008
170502b xxu||||| |||| 00| 0 eng d
041
_a
eng
080
_a
368
100
_a
14
101
_a
SHJ
245
_a
FEDERAL INCOME TAXATION OF INDIVIDUALS
_c
DONALDSON, S.A
942
_2
udc
_c
BK
999
_c
12430
_d
12430